000 00821nam a2200205 i 4500
001 161175
003 ES-MaACL
005 20230906212216.0
008 050712s1870 gw |||| | eng d
040 _aCAM
_bspa
_cCAM
100 0 _aOuida (
_d1839-1908)
_9130750
245 1 0 _aPuck
_b: his vicissitudes, adventures, observations, conclusions, friendships, and philosophie /
_crelated by himself and edited by Ouida.
260 _aLeipzig :
_bBernhard Tauchnitz,
_c1870.
300 _a2 v. (328; 312 p.) ;
_c16 cm.
490 1 _aCollection of British Authors ;
_v1119; 1120
594 _aOuida es seud de Louise de la Ramée.
830 0 _aCollection of British Authors ;
_v1119; 1120
_9180703
852 _aES-MaACL
_jG-11808
_z-- Enc. hol., falto de la cub. original
_z-- Enc. 2 t. en 1 v.
999 _c161175
_d161175